| 000 | 00468nam a2200181Ia 4500 | ||
|---|---|---|---|
| 001 | 2042 | ||
| 008 | 140314s9999 xx 000 0 und d | ||
| 020 | _a0553263900 | ||
| 040 | _cPK-LaUMT | ||
| 082 |
_a 658.4080973 _bSMI-W |
||
| 100 | _aManuel J.Smith | ||
| 245 |
_aWhen I say no, I feel guilty _bhow to cope-using the skills _cManuel J.Smith |
||
| 250 | _a3rd | ||
| 260 |
_aNew Jersey,USA: _bPrentice-Hall, _c1975 |
||
| 300 | _a324 p. | ||
| 546 | _aEN | ||
| 942 | _cBK | ||
| 999 |
_c2352 _d2352 |
||